Normalidad y normatividad constitucionales ante el proceso de integración europea / Marco Aparicio Wilhelmi
ISBN:
1133-8962
Descripción Física:
25 p. ; 21 cm
MARC
| LEADER | 00000nam a2200000Ia 4500 | ||
|---|---|---|---|
| 001 | 15294 | ||
| 008 | 160829s2001 xx 000 0 cat d | ||
| 020 | |a 1133-8962 | ||
| 080 | |a FU-36-2 | ||
| 100 | |a Aparicio Wilhelmi, Marco |9 31739 | ||
| 245 | |a Normalidad y normatividad constitucionales ante el proceso de integración europea / Marco Aparicio Wilhelmi | ||
| 260 | |a Barcelona : |b Institut de Ciències Polítiques i Socials, |c 2001 | ||
| 300 | |a 25 p. ; |c 21 cm | ||
| 490 | |a Working papers / Institut de Ciències Polítiques i Socials ; 188 | ||
| 590 | |a Bibliografia | ||
| 650 | |a Dret constitucional |x Unió Europea, Països de la |9 31740 | ||
| 650 | |a Europa |x Unitat |9 31322 | ||
| 710 | 2 | |a Institut de Ciències Polítiques i Socials (Barcelona, Catalunya) |9 55871 | |
| 901 | |a Arxiu | ||
| 942 | |n 1 | ||
| 952 | |0 0 |1 0 |4 0 |6 FU362 |7 1 |9 45743 |a Arxiu |b Arxiu |d 2016-12-01 |l 0 |o FU-36-2 |p 15294 |r 2016-12-01 00:00:00 |w 2016-12-01 |y ARXIU | ||
| 999 | |c 49243 |d 49243 | ||